000 00448pab a2200157 454500
008 180718b2002 xxu||||| |||| 00| 0 eng d
100 _aCoffey, William J.
245 _aAgglomeration and dispersion of high-order service employment in the Montreal metropolitan region, 1981-96
260 _c2002
300 _ap.359-78.
362 _aMar
650 _aEmployment
700 _aShearmur, Richard G.
773 _aUrban Studies
909 _a54140
999 _c54140
_d54140